Pocátek Lurdskej Panii Marie začnem píseň spíwať z wrúcnosti ...

Bibliographic Details
Format: Book
Language:English
Published: [ S. l. ] [s.n.] [ s. a. ]

MARC

LEADER 00000nam a2200000 a 4500
001 vtls009449781
003 SK-MaSNL
005 20260224075759.0
008 081127 000 0 eng
040 |a SNK  |b slo  |c SNK  |e AACR2 
245 1 |a Pocátek Lurdskej Panii Marie  |b začnem píseň spíwať z wrúcnosti ... 
260 |a [ S. l. ]  |b [s.n.]  |c [ s. a. ]  |e Lewoča  |f Jos. Th. Reitz 
300 |a 8 s. 
999 |c 915528  |d 917458 
952 |a SNK  |b SNK  |y PREZ  |7 0  |p 17A0603477  |o snkSD 16610/136  |i snkF 2344/71  |8 5  |3 rekatalogizácia  |0 0  |1 0  |4 0  |d 2008-11-27  |l 0  |r 2025-12-01 00:00:00  |w 2026-02-24